False Friends: English vs. Italian - Statistics

General Stats
  • This quiz has been taken 52 times
  • The average score is 7 of 15
Answer Stats
English Italian Meaning in Italian % Correct
dent dente tooth
86%
fabric fabbrica factory
71%
camera camera room
69%
fine fine end
67%
gross grosso big
65%
preservative preservativo condom
59%
library libreria bookstore
49%
factory fattoria farm
47%
firm firma signature
43%
romance romanzo novel
39%
morbid morbido soft
37%
record ricordo memory
33%
cartoon cartone cardboard
31%
magazine magazzino warehouse
18%
bald baldo bold
14%
No matching quizzes found
Score Distribution
Percent of People with Each Score
Percentile by Number Answered
Your Score History
You have not taken this quiz